[Event "CAN-ch op"]
[Site "Sackville"]
[Date "2001.07.13"]
[Round "8"]
[White "Nathani, Kaleim"]
[Black "Gilks, James"]
[Result "1-0"]
[WhiteElo "1867"]
[BlackElo "1691"]
[PlyCount "61"]
[EventDate "2001.07.??"]
[EventType "swiss"]
[EventRounds "10"]
[EventCountry "CAN"]
[SourceTitle "EXT 2006"]
[Source "ChessBase"]
[SourceDate "2005.11.24"]
[SourceVersion "1"]
[SourceVersionDate "2005.11.24"]
[SourceQuality "1"]

1. e4 e6 2. d4 d5 3. e5 c5 4. c3 Nc6 5. Nf3 f6 6. Bd3 Bd7 7. 0-0 Qb6 8. a3 cxd4 9. cxd4 0-0-0 10. Bc2 Be7 11. Nc3 fxe5 12. dxe5 Nh6 13. b4 Rdf8 14. Be3 Qd8 15. b5 Na5 16. Bxa7 b6 17. Na4 Nc4 18. Bb3 Bxb5 19. Rc1 Bxa4 20. Bxc4 dxc4 21. Qxa4 Bc5 22. Qa6+ Kc7 23. Rxc4 Qd5 24. Bxb6+ Kd7 25. Qb5+ Ke7 26. Bxc5+ Kf7 27. Rd4 Qa8 28. Qd7+ Kg8 29. Bxf8 Qxf8 30. Qxe6+ Nf7 31. Ng5 1-0

[Event "CAN-ch op"]
[Site "Sackville"]
[Date "2001.07.11"]
[Round "6"]
[White "Kekely, John"]
[Black "Gilks, James"]
[Result "1/2-1/2"]
[WhiteElo "1903"]
[BlackElo "1691"]
[PlyCount "144"]
[EventDate "2001.07.??"]
[EventType "swiss"]
[EventRounds "10"]
[EventCountry "CAN"]
[SourceTitle "EXT 2006"]
[Source "ChessBase"]
[SourceDate "2005.11.24"]
[SourceVersion "1"]
[SourceVersionDate "2005.11.24"]
[SourceQuality "1"]

1. e4 e6 2. d4 d5 3. Nc3 Nf6 4. Bg5 Be7 5. e5 Nfd7 6. Bxe7 Qxe7 7. Qd2 0-0 8. f4 Nb6 9. Nf3 a6 10. 0-0-0 Nc6 11. Bd3 Nb4 12. Ng5 h6 13. h4 Bd7 14. Nf3 Bb5 15. Bf1 Bxf1 16. Rhxf1 Nc4 17. Qe1 Nc6 18. f5 Qb4 19. Rd3 Qxb2+ 20. Kd1 Nb4 21. Rf2 Qa1+ 22. Ke2 Qxe1+ 23. Nxe1 Nxd3 24. Nxd3 Na3 25. Kd2 b6 26. g4 Rac8 27. Rf4 c5 28. dxc5 Nc4+ 29. Ke2 Rc7 30. Na4 exf5 31. cxb6 Nxb6 32. Nxb6 Rxc2+ 33. Kd1 Rxa2 34. Nxd5 fxg4 35. Rxg4 Rd8 36. Rd4 Rb8 37. Nc3 Rh2 38. Rd6 Rh3 39. Ne2 Ra8 40. Rd7 Rxh4 41. Ndf4 a5 42. e6 fxe6 43. Nxe6 Rg4 44. N2d4 Ra6 45. Rd8+ Kf7 46. Rd7+ Kg6 47. Rxg7+ Kh5 48. Rd7 a4 49. Rh7 Rxd4+ 50. Nxd4 Rd6 51. Ke2 Rxd4 52. Ra7 Kg5 53. Ke3 Rb4 54. Rg7+ Kh4 55. Kd3 h5 56. Kc3 Rg4 57. Ra7 Kg3 58. Rh7 h4 59. Rd7 h3 60. Rd3+ Kh2 61. Rd2+ Kh1 62. Rd1+ Rg1 63. Rd4 Rg3+ 64. Kb2 a3+ 65. Ka2 h2 66. Rd1+ Kg2 67. Rd2+ Kh3 68. Rd1 Rg1 69. Rd3+ Kg4 70. Rd4+ Kf5 71. Rd3 h1Q 72. Rf3+ Qxf3 1/2-1/2